Statistics for Alive or Not in 1900?

Click here to take the quiz!

General Stats

  • This quiz has been taken 29 times
  • The average score is 15 of 20

Answer Stats

QuestionAnswer% Correct
Eleanor RooseveltAlive
96%
Marie CurieAlive
92%
Charles de GaulleAlive
88%
Queen VictoriaAlive
88%
Sigmund FreudAlive
88%
Charles DickensNot alive
85%
Ernest HemingwayAlive
81%
Vincent van GoghNot alive
81%
Ulysses S. GrantNot alive
81%
Helen KellerAlive
77%
John D. RockefellerAlive
77%
Ernest ShackletonAlive
73%
Mark TwainAlive
69%
Amelia EarhartAlive
65%
Louis PasteurNot alive
65%
Mother TeresaNot alive
65%
Humphrey BogartAlive
62%
Oscar WildeAlive
58%
Emperor HirohitoNot alive
42%
George OrwellNot alive
38%

Score Distribution

Percentile by Number Answered

Percent of People with Each Score

Your Score History

You have not taken this quiz